| 000 | 004990000a22001930004500 | ||
|---|---|---|---|
| 001 | 16 | ||
| 003 | CO-MdFUSB | ||
| 005 | 20170615170213.0 | ||
| 008 | 170615b xxu||||| |||| 00| 0 eng d | ||
| 020 | _a958-04-6257-7 | ||
| 040 | _cCO-MdBIC | ||
| 082 | 0 | 4 | _a862C B862ol |
| 100 | 1 | _aGartner, Hans | |
| 245 | 1 | 0 | _aOsito Limpio y Osito Sucio / Hans Gartner, Hans Poppel, Traductor : Rodrigo Zuleta |
| 260 | _aBogota : Norma | ||
| 300 | _a[ 28 P.] | ||
| 650 | 1 | 4 | _aLiteratura infantil |
| 942 | _cLGB | ||
| 999 |
_c47276 _d47276 |
||